Study Guide for Principles of Macroeconomics

Gespeichert in:
Bibliographische Detailangaben
1. Verfasser: Mansfield, Edwin
Format: Buch
Sprache:Englisch
Veröffentlicht: New York W.W. Norton and Co. 1986
Ausgabe:5. ed.
Schlagworte:
Tags: Tag hinzufügen
Keine Tags, Fügen Sie das erste Tag hinzu!

MARC

LEADER 00000nam a2200000 4500
001 c002616
005 20221220074227.9
020 |a 0-393-95485-4 
041 0 |a eng 
044 |a US 
245 1 0 |a Study Guide for Principles of Macroeconomics  |c Edwin Mansfield 
250 |a 5. ed. 
264 1 |a New York  |b W.W. Norton and Co.  |c 1986 
300 |a 337 s. 
610 2 0 |a makroekonomika 
610 2 0 |a ekonómia 
610 2 0 |a sektor súkromný 
610 2 0 |a sektor verejný 
610 2 0 |a príjmy 
610 2 0 |a zamestnanosť 
610 2 0 |a peniaze 
610 2 0 |a bankovníctvo 
610 2 0 |a stabilizácia hospodárstva 
610 2 0 |a rast hospodársky 
610 2 0 |a obchod medzinárodný 
100 1 |a Mansfield, Edwin